Zur Geschichte der Archäologie ; die biblischen Hügel.

محفوظ في:

المؤلف الرئيسي: Zehren, Erich (مؤلف)

التنسيق: كتاب

اللغة: German

منشور في: [München] : Herbig, [1968, c1961].

الموضوعات:

الوسوم: إضافة وسم

لا توجد وسوم, كن أول من يضع وسما على هذه التسجيلة!

رقم الطلب: DS56 .Z4 1968

LEADER 00772namaa2200241 4500
001 20788
003 OSt
005 20260311123112.0
008 130303t19681961gw abce b 000 0 ger d
010 |a 75409839 
040 |c ARCE Library 
050 4 |a DS56 .Z4 1968 
100 1 |a Zehren, Erich,   |e author  |9 42656 
240 1 0 |a Biblische Hügel. 
245 1 0 |a Zur Geschichte der Archäologie ;   |b die biblischen Hügel. 
264 1 |a [München] :  |b Herbig,  |c [1968, c1961]. 
300 |a 415 pages :  |b illustrations, facsimile, maps, plans, plates, portraits ;  |c 25 cm. 
500 |a Previous editions published under title: Die biblischen Hügel. 
504 |a Bibliography : pages 409-410. 
630 0 0 |a Bible  |x Antiquities. 
901 |a reviewed 
942 |c BK  |2 lcc 
999 |c 17228  |d 17228